Welcome to WEB OPAC of MRSPTU Central Library

An approach to communication skills (Record no. 4142)

MARC details
000 -LEADER
fixed length control field 00372nam a2200145Ia 4500
008 - FIXED-LENGTH DATA ELEMENTS--GENERAL INFORMATION
fixed length control field 230711s9999||||xx |||||||||||||| ||und||
041 ## - LANGUAGE CODE
Language code of text/sound track or separate title ENG
082 ## - DEWEY DECIMAL CLASSIFICATION NUMBER
Classification number 425
Item number BH-C
100 ## - MAIN ENTRY--PERSONAL NAME
Personal name Bhattacharya,Indrajit
245 #3 - TITLE STATEMENT
Title An approach to communication skills
250 ## - EDITION STATEMENT
Edition statement 1st . Ed.
260 ## - PUBLICATION, DISTRIBUTION, ETC.
Date of publication, distribution, etc. 2003
Place of publication, distribution, etc. New Delhi
Name of publisher, distributor, etc. Dhanpat Rai & Co.(Pvt.)Ltd.
650 ## - SUBJECT ADDED ENTRY--TOPICAL TERM
Topical term or geographic name entry element Physics
942 ## - ADDED ENTRY ELEMENTS (KOHA)
Koha item type Book
Holdings
Withdrawn status Lost status Damaged status Not for loan Collection Home library Current library Date acquired Total checkouts Full call number Barcode Date last seen Price effective from Koha item type Date last checked out
          MRSPTU Central Library MRSPTU Central Library     425 BH-C 13921 08/17/2023 08/17/2023 Book  
          MRSPTU Central Library MRSPTU Central Library     425 BH-C 13922 08/17/2023 08/17/2023 Book  
          MRSPTU Central Library MRSPTU Central Library     425 BH-C 13923 08/17/2023 08/17/2023 Book  
          MRSPTU Central Library MRSPTU Central Library     425 BH-C 13924 08/17/2023 08/17/2023 Book  
          MRSPTU Central Library MRSPTU Central Library   2 425 BH-C 13925 01/08/2024 08/17/2023 Book 12/19/2023

Website Designed and Developed by MRSPTU Central Library Team

E-mail Id: librarian@mrsptu.ac.in